| 000 | 00000nam 2200000zi 4500 |
| 001 | 9.947498 |
| 003 | CaOODSP |
| 005 | 20250130121553 |
| 006 | m o d f |
| 007 | cr bn||||||||| |
| 008 | 250129e197405 oncabd ob f000 0 eng d |
| 040 | |aCaOODSP|beng|erda|cCaOODSP |
| 043 | |an-cn--- |
| 086 | 1 |aDR52-19/9-1974E-PDF |
| 100 | 1 |aStager, Paul, |eauthor. |
| 245 | 10|aVisual search capability in Search and Rescue (SAR) / |cPaul Stager. |
| 264 | 1|aDownsview, Ontario : |bDefence and Civil Institute of Environmental Medicine, Behavioural Sciences Division : |bDepartment of National Defence, Canada, |cMay 1974. |
| 300 | |a1 online resource (v, 64 pages) : |billustrations, maps, charts. |
| 336 | |atext|btxt|2rdacontent |
| 337 | |acomputer|bc|2rdamedia |
| 338 | |aonline resource|bcr|2rdacarrier |
| 490 | 1 |aDCIEM report ; |vno. 74-R-1009 |
| 500 | |aDigitized edition from print [produced by Defence R&D Canada]. |
| 504 | |aIncludes bibliographical references (pages 58-60). |
| 650 | 0|aSearch and rescue operations|zCanada. |
| 650 | 6|aOpérations de recherche et de sauvetage|zCanada. |
| 710 | 2 |aDefence and Civil Institute of Environmental Medicine (Canada). |bBehavioral Sciences Division, |eissuing body. |
| 710 | 1 |aCanada. |bDepartment of National Defence, |eissuing body. |
| 830 | #0|aDCIEM report ;|vno. 74-R-1009.|w(CaOODSP)9.941842 |
| 856 | 40|qPDF|s5.62 MB|uhttps://publications.gc.ca/collections/collection_2025/rddc-drdc/DR52-19-9-1974-eng.pdf |